Normal view
MARC view
- BOILER OPERATION ENGINEERING- QUESTIONS AND ANSWERS
Entry Topical Term
001 - CONTROL NUMBER
- control field: 61668
003 - CONTROL NUMBER IDENTIFIER
- control field: NUST
005 - DATE AND TIME OF LATEST TRANSACTION
- control field: 20210628202808.0
008 - FIXED-LENGTH DATA ELEMENTS
- fixed length control field: 210628|| aca||aabn | a|a d
040 ## - CATALOGING SOURCE
- Original cataloging agency: NUST
- Transcribing agency: NUST
150 ## - HEADING--TOPICAL TERM
- Topical term or geographic name entry element: BOILER OPERATION ENGINEERING- QUESTIONS AND ANSWERS
670 ## - SOURCE DATA FOUND
- Source citation: Work cat.: (NUST): Chattopadhyay, P 61491, Boiler operation engineering , questions and answers, 2001
